000
00203 a2200097 4500
001
28643
100
_a
TSE, F S
245
_a
Mechanical vibrations
260
_a
_b
Allyn Bacon
_c
090
_c
19152
_d
19152
942
_a
NUST-CAE
_c
M
_c
10172
999
_c
263716
_d
263716